000 00659nam a2200241Ia 4500
003 OSt
005 20221006164858.0
006 a|||||r|||| 00| 0
007 ta
008 221006b |||||||| |||| 00| 0 eng d
024 _a374
037 _cTextual
040 _aFML
_cFML
_beng
041 _2eng
_aeng
082 _aRGx2,1, K1
100 _aCowell E. B. Tr.
245 0 _aSarva Darshana Samgraha
_b By Mahadev Aacharya
260 _aLondon
_bKegan Paul
_c1961
300 _a281
_ccm.
700 _a Gough A. E. Tr.
_937871
942 _hRGx2,1, K1
_cTEXL
_2CC
999 _c1118789
_d1118789